| 000 | 00934nam a2200241 a 4500 | ||
|---|---|---|---|
| 008 | 120416s1996 ||||||||||||||||| || u | ||
| 020 | _a0821336940 | ||
| 050 | _aIBRD(08)TP/267 | ||
| 100 | _aMartin, Julio | ||
| 245 | 1 | 0 |
_aSurveillance of agricultural price and trade policies: a handbook for Paraguay _cAlberto Valdes; Barry Schaeffer; Julio Martin |
| 260 |
_aWashington, D. C. _bWorld Bank _c1996 |
||
| 300 | _axi, 51p. : ill. | ||
| 350 | _a0.00 | ||
| 490 | _aWorld Bank Technical Papers | ||
| 650 | _aAGRICULTURE | ||
| 650 | _aAGRICULTURE PRICES--GOVERNMENT POLICY--PARAGUAY--STATISTICS | ||
| 650 | _aPRODUCE TRADE--PARAGUAY--STATISTICS | ||
| 650 | _aFARM PRODUCE--PARAGUAY--STATISTICS | ||
| 700 | _aSchaeffer, Barry | ||
| 700 | _aValdes, Alberto | ||
| 710 | _aWorld Bank | ||
| 995 |
_D0.00 _FCBU-MAIN LIBRARY (Kitwe) _H1 _I0.00 _UAVAILABLE _ZInternational Publications |
||
| 999 |
_c59149 _d59149 |
||